Central Library OPAC University of Rajshahi

Comparative studies in Pāli & Sanskrit alaṅkāras / (Record no. 86141)

MARC details
000 -LEADER
fixed length control field 01101nam a2200337 a 4500
001 - CONTROL NUMBER
control field 86141
003 - CONTROL NUMBER IDENTIFIER
rucl marc code BD-RjUL
005 - DATE AND TIME OF LATEST TRANSACTION
control field 20260126105844.0
008 - FIXED-LENGTH DATA ELEMENTS--GENERAL INFORMATION
fixed length control field 250126s1960 ii b 000 0 eng
035 ## - SYSTEM CONTROL NUMBER
System control number 399166
System control number (BD-RjUL)86141
040 ## - CATALOGING SOURCE
Original cataloging agency DLC
Transcribing agency DLC
Modifying agency DLC
-- BD-RjUL
Language of cataloging eng
041 ## - LANGUAGE CODE
Language code of text/sound track or separate title eng
082 00 - DEWEY DECIMAL CLASSIFICATION NUMBER
Edition number 23
Classification number 891.2109
Author mark and year CHC 1960
100 1# - MAIN ENTRY--PERSONAL NAME
Personal name Chatterji, Heramba Nath.
9 (RLIN) 17641
245 10 - TITLE STATEMENT
Title Comparative studies in Pāli & Sanskrit alaṅkāras /
Statement of responsibility, etc. Heramba Nath Chatterjee
250 ## - EDITION STATEMENT
Edition statement [1st ed.]
260 ## - PUBLICATION, DISTRIBUTION, ETC. (IMPRINT)
Place of publication, distribution, etc. Calcutta :
Name of publisher, distributor, etc. sole distributers: Sanskrit Pustak Bhandar,
Date of publication, distribution, etc. 1960
300 ## - PHYSICAL DESCRIPTION
Pagination v.
Size 22 cm.
336 ## - CONTENT TYPE
Content type term text
Content type code txt
Source rdacontent
337 ## - MEDIA TYPE
Media type term unmediated
Media type code n
Source rdamedia
338 ## - CARRIER TYPE
Carrier type term volume
Carrier type code nc
Source rdacarrier
504 ## - BIBLIOGRAPHY, ETC. NOTE
Bibliography, etc Bibliography: v. 1, p. [96]
505 01 - FORMATTED CONTENTS NOTE
Formatted contents note Pt.1--
650 #0 - SUBJECT ADDED ENTRY--TOPICAL TERM
Topical term or geographic name as entry element Sanskrit poetry
General subdivision History and criticism.
9 (RLIN) 17638
Topical term or geographic name as entry element Pali poetry
General subdivision History and criticism.
9 (RLIN) 17642
Topical term or geographic name as entry element Poetics.
9 (RLIN) 14236
Topical term or geographic name as entry element Comparative literature
General subdivision Sanskrit and Pali.
9 (RLIN) 17643
Topical term or geographic name as entry element Comparative literature
General subdivision Pali and Sanskrit.
9 (RLIN) 17644
942 ## - ADDED ENTRY ELEMENTS (KOHA)
Source of classification or shelving scheme Dewey Decimal Classification
Koha item type Books
Holdings
Lost status Source of classification or shelving scheme Damaged status Not for loan Collection code Permanent Location Current Location Shelving location Date acquired Cost, normal purchase price Full call number Date last seen Copy number Koha item type
  Dewey Decimal Classification   Not For Loan Non-fiction Central Library, University of Rajshahi Central Library, University of Rajshahi Reading Room 04/06/1965 2.50 891.2109 CHC V-1 1960 26/01/2026 C-1 Books
  Dewey Decimal Classification     Non-fiction Central Library, University of Rajshahi Central Library, University of Rajshahi General Stacks 26/01/2026   891.2109 CHC V-1 1960 26/01/2026 C-2 Books